000 00794 a2200325 4500
260 _aParis
630 _a33 - Economie. Economie politique
037 _b2, CIUF
037 _b3, Achat
650 _a3 - SCIENCES SOCIALES
100 _aGuyon, Yves
260 _bEconomica
245 _aDroit des affaires. Tome 2, entreprises en difficultés : redressement judiciaire, faillite
300 _a492 p.
650 _aAffaires : droit
260 _c1995
300 _b25 cm
100 _lFr
037 _aDE 8026
037 _aDE 8027
037 _aDE 8366
037 _aDE 8028
037 _aDE 8391
440 _aDroit des affaires et de l'entreprise
250 _a5è éd.
650 _aDroit des affaires
020 _a2-7178-2863-X
999 _c38483
_d38483